Normal view MARC view
  • Moravia, Alberto,

Entry Nombre Personal

Number of records used in: 1

001 - NUMERO DE CONTROL

  • campo de control: 51004

003 - IDENTIFICADOR DE NUMERO DE CONTROL

  • campo de control: UPN

005 - FECHA Y HORA DE LA ÜLTIMA TRANSACCIÓN

  • campo de control: 20240212145315.0

008 - DATOS DE LONGITUD FIJA

  • campo de control de longitud fija: 240212|| aca||abbn | aaa d

040 ## - FUENTE DE CATALOGACIÓN

  • Agencia original de catalogación: MX-MxUPN
  • Lenguaje de catalogación: spa

100 1# - ENCABEZAMIENTO - NOMBRE PERSONAL

  • Nombre personal: Moravia, Alberto,
  • Fechas asociadas con el nombre: 1907-1990

370 ## - LUGAR ASOCIADO

  • Place of birth: Roma, Italia
  • Place of death: Roma, Italia

373 ## - GRUPO ASOCIADO

  • Associated group: PEN Club Internacional
  • Start period: 1960
  • End period: 1962

373 ## - GRUPO ASOCIADO

  • Associated group: Parlamento Europeo
  • Start period: 1984
  • End period: 1989

373 ## - GRUPO ASOCIADO

  • Associated group: Academia Estadounidense de las Artes y las Ciencias

374 ## - OCUPACIÓN

  • Occupation: Escritor

374 ## - OCUPACIÓN

  • Occupation: Periodista

377 ## - LENGUA ASOCIADA

  • Language code: ita

400 1# - VEÁSE - NOMBRE DE PERSONA

  • Personal name: Pincherle, Alberto

670 ## - FUENTE EN LA QUE SE LOCALIZARON DATOS

  • Cita de la fuente: Library of Congress, 12 de febrero de 2024:
  • Información localizada: (Moravia, Alberto, 1907-1990)
  • Uniform Resource Identifier: https://lccn.loc.gov/n79043907

670 ## - FUENTE EN LA QUE SE LOCALIZARON DATOS

  • Cita de la fuente: Wikipedia, 12 de febrero de 2024:
  • Información localizada: (Alberto Moravia (Roma, 28 de noviembre de 1907 - ibidem, 26 de septiembre de 1990), cuyo nombre real era Alberto Pincherle, fue un escritor y periodista italiano. Presidente de PEN Club Internacional (1960-1962). Eurodiputado por Italia (1984-1989). Miembro de Academia Estadounidense de las Artes y las Ciencias)
  • Uniform Resource Identifier: https://es.wikipedia.org/wiki/Alberto_Moravia

902 ## - CATALOGADOR

  • Catalogador: MaríaRobles/120224